01669nam a22002654aa4500003000800000005001700008008004100025040003000066041000800096044000700104082001900111100003900130245017800169260002500347300004200372500003600414502017600450520064800626650003101274653001701305653001601322653001201338653001401350700003901364BOFEUTO20260626143905.0260611t2025 bo gr 000 f spa d 6BOFEUTOaBOFEUTOcBOFEUTO aspa abo aTE6326bAy974a aAyca Corani, Zulema Zoraidaeautor aAnálisis de la rentabilidad de la Pyme Panificadora San Andrés de la ciudad de Oruro de la gestión 2020-2024 /c Zulema Zoraida Ayca Corani, José luis Tangara Colque aOruro :bs/n,c2025. a90 hojas ;bilus, gráf. ;c28.5 cm. aIncluye bibliografía, anexos. aTrabajo Dirigido, (Licenciatura) -- Universidad Técnica de Oruro, Facultad de Ciencias Económicas, Financieras y Administrativas, Carrera Ingeniería Comercial, 2025. aLa importancia del análisis de la rentabilidad en una pyme radica en la posibilidad de identificar con precisión los aspectos económicos y financieros que influyen en su desempeño y en las condiciones en las que opera dentro del mercado. Este tipo de análisis permite comprender cómo interactúan variables como la liquidez, la solvencia, el nivel de endedudamiento, la rentabilidad y las fuentes de financiamiento. En este contexto. el presente trabajo de investigación se elaboró con e objetivo de examinar los factores relacionados con la rentabilidad mediante la aplicación de un modelo de regresión lineal múltiple. aAnálisis de Rentabilidad aRentabilidad aPrecisión aMercado aSolvencia aTangara Colque, Jóse Luisetutor